[Event "Antioquia Region-ch U12"]
[Site "Medellin"]
[Date "2011.03.12"]
[Round "3.5"]
[White "Polo, Andres Felipe"]
[Black "Arbelaez Velasquez, Jeronimo"]
[Result "1-0"]
[WhiteElo "1326"]
[BlackElo "1388"]
[PlyCount "49"]
[EventDate "2011.03.11"]
[EventType "swiss"]
[EventRounds "5"]
[EventCountry "COL"]
[SourceTitle "EXT 2024"]
[Source "ChessBase"]
[SourceDate "2023.10.10"]
[SourceVersion "1"]
[SourceVersionDate "2023.10.10"]
[SourceQuality "1"]

1. d4 d5 2. c4 e6 3. Nc3 Bb4 4. Qa4+ Nc6 5. Bf4 Bxc3+ 6. bxc3 Nf6 7. Qb3 Na5 8. Qa4+ Nc6 9. Nf3 0-0 10. e3 h6 11. Bd3 Ne4 12. 0-0 Nxc3 13. Qc2 Ne4 14. Ne5 Nxe5 15. Bxe5 Nd6 16. c5 Nf5 17. Rab1 b6 18. Qd1 bxc5 19. Qg4 g6 20. Qh3 c4 21. Bxf5 exf5 22. Qxh6 f6 23. Qxg6+ Kh8 24. Bg3 Rg8 25. Qh6# 1-0